000 00798nam a2200241 a 4500
005 20260108063952.0
008 991125s1986 ag 000 0 spa u
020 _a9506021317
035 _aUPN01000000216
049 _aCG
050 4 _aBF724
_bF4.2
100 1 _aFernández Mouján, Octavio
245 1 0 _aAbordaje teórico y clínico del adolescente /
_cOctavio Fernández Mouján.
260 _aBuenos Aires :
_bNueva Visión,
_c1986.
300 _a375 p.
440 0 _aPsicología contemporánea
590 _a(También localizas un ejemplar en el "Area de Reserva")
590 _aBibliografía Básica (BGTQ)
650 2 _aAdolescencia
_vEstudio de casos
_91011
650 4 _aCONDUCTA (PSICOLOGIA) -
_xINVESTIGACION
_99968
650 4 _aJUVENTUD -
_xASPECTOS PSICOLOGICOS
905 _aLibro
999 _c216
_d216